La violencia como vicio del consentimiento contractual

Uloženo v:
Podrobná bibliografie
Hlavní autor: Rogel Vide, Carlos (Autor)
Médium: Kniha
Jazyk:španělština
Vydáno: Ciudad de México Editorial Ubijus 2016
Madrid Editorial Reus 2016
Vydání:1a. ed
Edice:Biblioteca Iberoamericana de Derecho
Témata:
Tagy: Přidat tag
Žádné tagy, Buďte první, kdo vytvoří štítek k tomuto záznamu!

MARC

LEADER 00000cam a2200000 a 4500
001 UCD6547
003 CL-VaPUC
008 161216e20160000mx |||||||||||||||||spa|d
020 |a 9788429019308 
082 0 4 |a 346.022  |b ROG  |2 21 
100 0 |a Rogel Vide, Carlos  |e author  |9 590392 
245 1 3 |a La violencia como vicio del consentimiento contractual 
250 |a 1a. ed 
300 |a 87 p 
942 |c BK 
945 |d 20161216 10:21:00  |a arojas 
260 |a Ciudad de México  |b Editorial Ubijus  |c 2016 
260 |a Madrid  |b Editorial Reus  |c 2016 
650 0 |a Obligaciones   |9 255578 
650 0 |a Consentimiento  |9 258520 
650 0 |a Vicios  |9 375486 
650 0 |a Violencia  |9 255411 
650 0 |a Naturaleza jurídica  |9 371885 
650 0 |a Derecho romano  |9 255930 
650 7 |a DERECHO CANONICO  |2 CL-VaPUC  |9 590393 
650 0 |a Derecho comparado  |9 255664 
650 0 |a Actos jurídicos  |9 255748 
650 0 |a Nulidad   |9 256755 
650 0 |a Prueba  |9 256247 
583 |a last modification  |c 20161216 10:21:00  |k Rodrigo Vera 
490 0 |a Biblioteca Iberoamericana de Derecho 
999 |c 366836  |d 366834 
952 |0 0  |1 0  |2 ddc  |3 erb  |4 0  |6 346_022000000000000_ROG_2016_2016  |7 0  |8 A  |9 481390  |a BIBDER  |b BIBDER  |i 5356148  |o 346.022 ROG 2016 2016  |p 5356148  |r 2023-01-25  |w 2019-11-24  |y MX  |z Catalogado en:20161216  |k DER